[Event "Stay Safe Play From Home 229"]
[Site "Emanuel Lasker Arena"]
[Date "2020.06.16"]
[Round "9"]
[White "Haxhi Baha"]
[Black "little champs"]
[Result "0-1"]
[WhiteElo "1935"]
[BlackElo "2285"]
[Annotator "TA"]
[PlyCount "94"]
[EventDate "2020.06.16"]
[EventType "swiss (blitz)"]

{[%evp 9,94,6,33,16,26,12,27,-4,0,-7,0,-60,-12,-118,-5,-72,-40,-60,-49,-48,29,25,175,147,226,199,164,-27,-32,-113,346,322,319,312,297,288,431,347,346,324,580,577,1212,1206,1195,1192,1115,919,913,883,29980,2977,29988,29989,29988,29985,29991,1512,1797,1604,1560,-21,-19,-20,-25,-20,0,-43,-50,-67,-67,-67,-67,-67,-67,-67,-67,-133,-102,-226,-226,-226,-152,-170,-152,-374,-105]} 1. e4 c6 2. Nc3 d5 3. Nf3 dxe4 4. Nxe4 Nf6 5. Nc3 g6 6. Bc4 {B11: Caro-Kann: Two Knights Variation.} Bg7 7. d4 O-O {[#]} 8. Qe2 $146 {White has an edge.} ({Predecessor:} 8. O-O Bg4 9. Be3 Nd5 10. Nxd5 cxd5 11. Be2 Nc6 12. c3 Rc8 13. h3 Bf5 14. Qd2 {0-1 (36) Teh,R (1498)-Li,S (2020) Penang 2019}) 8... Bg4 9. Be3 Nd5 10. Ne4 (10. h3 $11 Bxf3 11. Qxf3) 10... Nd7 11. O-O-O (11. h3 $11 Bxf3 12. Qxf3) 11... N7b6 (11... b5 $17 12. Bb3 Nxe3 13. fxe3 a5) 12. Bd3 (12. Bb3 $1 $11 {remains equal.}) 12... a5 {[%cal Ba7a5,Ba5a4][%mdl 32]} 13. Kb1 a4 14. a3 $1 Bf5 (14... Qc7 $15) 15. h4 Qe8 (15... h5 $11 {and Black stays safe.}) 16. h5 $1 $18 e5 (16... Nxe3 $16 17. fxe3 Bxe4 18. Bxe4 e5) 17. hxg6 ({But not} 17. dxe5 $6 Bxe4 18. Bxe4 Nxe3 $16) (17. Nxe5 $6 Bxe5 18. dxe5 Qxe5 $16) 17... fxg6 18. Nh4 $2 ({Better is} 18. Nxe5 $18 Nd7 19. f4) 18... exd4 $11 19. Bd2 ({White should try} 19. Bc1 $15) 19... Nf6 $2 {[%mdl 8192]} (19... Bxe4 $1 $17 {and life is bright.} 20. Bxe4 Nf6) 20. Nxf5 $18 gxf5 21. Nxf6+ $1 {[%mdl 64] Discovered Attack} Rxf6 22. Qf3 Qe5 (22... Qf7 {is a better defense.} 23. Qh3 h5) 23. Bg5 Rf7 24. Rh5 Qd5 $2 (24... Nd5 25. Rdh1 Re8) 25. Qh3 Bh8 26. Rh1 {[%cal Rh5h7]} Qd7 27. Bf4 Nd5 28. Bd2 f4 29. Bxh7+ Kf8 30. Bf5 Rxf5 31. Rxf5+ Ke7 32. Qh7+ Kd6 {[#]} 33. Qg6+ (33. Rxd5+ $142 $1 {[%mdl 512]} cxd5 34. Bxf4+ Be5 35. Bxe5+ {[%mdl 64] Overworked Piece} Kxe5 36. Qxd7 Rh8 37. Rxh8 d3 38. Rh5+ Kf6 39. Rf5+ Kg6 40. Qf7+ Kh6 41. Rh5#) 33... Kc7 {[#]} 34. Rf7 $1 Ne7 {[#]} 35. Rh6 $2 ({White should play} 35. Qg5 $1 $18 Rg8 36. Bxf4+ Kd8 37. Qa5+ b6 38. Qxa4) 35... Nxg6 $11 36. Rxd7+ Kxd7 37. Rxg6 {[%mdl 4096] Endgame KRB-KRB} Be5 38. g3 fxg3 39. fxg3 Rf8 {And now ...Rf1+ would win.} 40. Bf4 $1 {[%cal Rf4e5]} Bxf4 41. gxf4 Rxf4 $15 {KR-KR} 42. Rg7+ Kc8 43. Rg5 (43. b3 $15) 43... b5 44. Rg6 (44. Rg7 $17) 44... Kc7 $19 45. Kc1 Kb6 46. Kd2 Kc5 47. Rg5+ $2 (47. Rg3 $17 {only move.}) 47... Kd6 $2 {Quite a comeback for Black. Accuracy: White = 52%, Black = 38%.} (47... Kc4 $19 {has better winning chances.} 48. Rg1 Rf2+ 49. Kc1 Rh2) 0-1

[Event "Stay Safe Play From Home 229"]
[Site "Emanuel Lasker Arena"]
[Date "2020.06.16"]
[Round "9"]
[White "Mcpupple"]
[Black "Klasman"]
[Result "1-0"]
[WhiteElo "1820"]
[BlackElo "1262"]
[Annotator "NA RC"]
[PlyCount "65"]
[EventDate "2020.06.16"]
[EventType "swiss (blitz)"]

1. c3 {[%emt 0:00:01]} f5 {[%emt 0:00:02]} 2. d4 {[%emt 0:00:00]} Nf6 {[%emt 0:00:01]} 3. Nf3 {[%emt 0:00:00]} e6 {[%emt 0:00:01]} 4. e3 {[%emt 0:00:00]} c6 {[%emt 0:00:01]} 5. Nbd2 {[%emt 0:00:00]} d5 {[%emt 0:00:01]} 6. Bd3 {[%emt 0:00:01]} Bd6 {[%emt 0:00:01]} 7. O-O {[%emt 0:00:00]} b5 {[%emt 0:00:02]} 8. Ne5 {[%emt 0:00:00]} Bb7 {[%emt 0:00:01]} 9. f4 {[%emt 0:00:00]} Nbd7 {[%emt 0:00:02]} 10. Ndf3 {[%emt 0:00:00]} Ne4 {[%emt 0:00:02]} 11. Qe2 {[%emt 0:00:01]} Ndf6 {[%emt 0:00:01]} 12. Bxb5 {[%emt 0:00:01]} cxb5 {[%emt 0:00:02]} 13. Qxb5+ {[%emt 0:00:01]} Nd7 {[%emt 0:00:05]} 14. Qxb7 {[%emt 0:00:01]} Rb8 {[%emt 0:00:02]} 15. Qxd7+ {[%emt 0:00:01]} Qxd7 {[%emt 0:00:02]} 16. Nxd7 {[%emt 0:00:01]} Kxd7 {[%emt 0:00:01]} 17. Ne5+ {[%emt 0:00:00]} Bxe5 {[%emt 0:00:01]} 18. fxe5 {[%emt 0:00:01]} g5 {[%emt 0:00:02]} 19. g3 {[%emt 0:00:02]} h5 {[%emt 0:00:02]} 20. Kg2 {[%emt 0:00:01]} h4 {[%emt 0:00:01]} 21. gxh4 {[%emt 0:00:01]} Rxh4 {[%emt 0:00:02]} 22. b3 {[%emt 0:00:03]} Rbh8 {[%emt 0:00:02]} 23. Kg1 {[%emt 0:00:04]} Rxh2 {[%emt 0:00:02]} 24. Rf3 {[%emt 0:00:02]} Rc2 {[%emt 0:00:03]} 25. c4 {[%emt 0:00:05]} Rhh2 {[%emt 0:00:02]} 26. cxd5 {[%emt 0:00:02]} Rcg2+ {[%emt 0:00:03]} 27. Kf1 {[%emt 0:00:03]} exd5 {[%emt 0:00:04]} 28. Rxf5 {[%emt 0:00:01]} Ke6 {[%emt 0:00:02]} 29. Rf6+ {[%emt 0:00:03]} Ke7 {[%emt 0:00:01]} 30. Ba3+ {[%emt 0:00:02]} Kd7 {[%emt 0:00:04]} 31. Rc1 {[%emt 0:00:00]} Ng3+ {[%emt 0:00:02]} 32. Ke1 {[%emt 0:00:04]} Rg1+ {[%emt 0:00:01]} 33. Rf1 {[%emt 0:00:01] Time} 1-0